00483 2200205 4500001002100000008004100021035002000062245004000082100001200122250000600134260004200140300001100182084001400193082000800207650001400215990001200229990001200241990001200253990001200265INLIS000000000000573 ind  a0010-0424000549 aDasar - Dasar Sinyal VideocSudibyo aSudibyo a1 aKlaten :bSaka Mitra Kompetensic2011 a68 hlm a600 SUD d a600 aNon Fiksi a0722320 a0722321 a0722322 a0722323